Stratégia operačného programu - výskum a vývoj
Proces transformácie vedy, techniky na Slovensku. Výsledky z oblasti výskumu a vývoja. Hlavný cieľ programu. Prioritné osi programu - osi 1-7 - stručná charakteristika. Príklady aktivít. Propagácia výskumu a vývoja.
Saved in:
| Main Author: | |
|---|---|
| Format: | Book Chapter |
| Language: | Slovak |
| Subjects: | |
| Tags: |
No Tags, Be the first to tag this record!
|
MARC
| LEADER | 00000naa$a2200000$$$4500 | ||
|---|---|---|---|
| 001 | 0114360 | ||
| 005 | 20231120114253.1 | ||
| 041 | 0 | |a slo | |
| 044 | |a SK | ||
| 245 | 1 | 0 | |a Stratégia operačného programu - výskum a vývoj |c Dagmar Hrašková |
| 520 | |a Proces transformácie vedy, techniky na Slovensku. Výsledky z oblasti výskumu a vývoja. Hlavný cieľ programu. Prioritné osi programu - osi 1-7 - stručná charakteristika. Príklady aktivít. Propagácia výskumu a vývoja. | ||
| 610 | 2 | 0 | |a výskum |
| 610 | 2 | 0 | |a vývoj |
| 610 | 2 | 0 | |a veda |
| 610 | 2 | 0 | |a technika |
| 610 | 2 | 0 | |a transformácia |
| 610 | 2 | 0 | |a programy |
| 610 | 2 | 0 | |a Slovensko |
| 100 | 1 | |a Hrašková, Dagmar | |